000 02414cam a22006014i 4500
003 PE-LiUPU
005 20250731180124.0
008 150623s2001 sp a r 001 0 spa d
020 _a9789500604239
035 _a(Sirsi) i9789500604239
040 _aPE-LiUPU
_bspa
_cPE-LiUPU
_erda
041 1 _aspa
_heng
049 _aPRUA
082 0 4 _a574
_bC952001
_221
100 1 _aCurtis, Helena,
_eautor.
245 1 0 _aBiología /
_c Helena Curtis ; traducción de Editorial Médica Panamericana ; directoras de edición, Adriana Schnek, Graciela Flores.
250 _asexta edición en español.
264 1 _aMadrid :
_bEditorial Médica Panamericana,
_c2001.
300 _aPaginación variada :
_bilustraciones ;
_c28 centímetros
336 _atext
_2rdacontent
337 _aunmediated
_2rdamedia
338 _avolume
_2rdacarrier
500 _aIncluye "Glosario" (A-Z).
504 _aÍndice : páginas P-7-I-26.
505 0 _aLa unidad de la vida. Los seres vivos y la energía. Información genética. Evolución. La diversidad de la vida. La vida en las plantas. La vida de los animales. Ecología.
526 _aSEG44
526 _aSEG26
526 _aP159
526 _aP155
526 _aP154
526 _aP153
526 _aP150
526 _aP100
526 _aP31
526 _aP30
526 _aP26
526 _aP25
526 _aP24
526 _aP22
526 _aP15
526 _aP10
534 _pTítulo original :
_tbiology.
650 0 4 _aBiología.
942 _2ddc
_cBOOK
949 _a574 C95 2001
_wDEWEY
_c1
_i53281
_d2016-5-19
_e2016-5-17
_lCCODEBUL1
_mBUL
_n3
_p52.00
_r0
_sY
_tBOOK
_u2015-6-24
_xSALUD
_zUNKNOWN
_0COMPRA
_o.STAFF. Colección General
949 _a570 C95 2008
_wDEWEY
_c1
_iFJ05928
_lCCODEBUJ1
_mBUJ
_p50.00
_r0
_sY
_tBOOK
_u2016-10-21
_xSALUD
_PP22
_0COMPRA
_o.STAFF -- Colección General Juliaca
994 _aC0
_bPEPRU
596 _a1 3
999 _a574 C95 2001
_wDEWEY
_c35247
_i53281
_d35247
_e2022-5-17
_f2021-11-5
_g5
_lCCODEBUL1
_mBUL
_n18
_p52.00
_q22
_r0
_sY
_tBOOK
_u2015-6-24
_xBIBLIOTECA
_PP24
_0COMPRA
_o.STAFF. Colección General
999 _a570 C95 2008
_wDEWEY
_c1
_iFJ05928
_d2019-4-11
_e2018-8-10
_f2022-1-25
_g4
_lCCODEBUJ1
_mBUJ
_n1
_p50.00
_q2
_r0
_sY
_tBOOK
_u2017-1-24
_xSALUD
_PP22
_0COMPRA
_o.STAFF. Colección General Juliaca
980 _81
_gALBERTO SANCHEZ Responsable de Automatización